30 biggest European cities by letter (with a map) -I - Statistics

General Stats
  • This quiz has been taken 862 times
    721 since last reset
  • The average score is 9 of 30
Answers on the Map
Answers color-coded by a green-red scale on the quiz's map according to % correct below.
 
Answer Stats
Answer Population % Correct
Istanbul 14 657 434
98%
Innsbruck 130 894
83%
Inverness 47 290
83%
Ibiza 49 727
74%
Ipswich 133 384
68%
Iași 290 422
59%
Ingolstadt 132 438
55%
Ivanovo 408 025
42%
Imola 69 953
35%
Ioánnina 112 486
34%
Ivano-Frankivsk 229 447
34%
Isserlohn 91 815
25%
Irún 61 983
24%
Ivry-sur-Seine 62 052
22%
Inowroclaw 72 561
21%
Izmail 71 299
19%
Istres 49 896
18%
Ibbenbüren 51 822
16%
Issy-les-Moulineaux 68 451
16%
Iława 32 276
14%
Ieper 34 964
13%
Irvine 34 090
12%
Ingelheim am Rhein 35 161
10%
Izium 46 653
10%
Igualada 39 540
7%
IJsselstein 34 160
7%
Ilioupoli 78 153
5%
Ilkeston 38 640
5%
Istra 35 111
5%
Ivanteyevka 81 254
4%
No matching quizzes found
Score Distribution
Percent of People with Each Score
Percentile by Number Answered
Your Score History
You have not taken this quiz since the last reset